[Event "4NCL/Div2/AD2 vs. NWE1"]
[Site "Telford ENG"]
[Date "2003.04.12"]
[Round "7.2"]
[White "Crouch, Colin S"]
[Black "Churm, Rohan M"]
[Result "1-0"]
[WhiteElo "2380"]
[BlackElo "2164"]
[PlyCount "85"]
[EventDate "2003.04.12"]

1. d4 d5 2. c4 c6 3. Nf3 e6 4. Nbd2 Nf6 5. e3 Nbd7 6. Bd3 Bd6 7. e4 dxe4 8.
Nxe4 Nxe4 9. Bxe4 e5 10. O-O O-O 11. dxe5 Nxe5 12. Nxe5 Bxe5 13. Bxh7+ Kxh7 14.
Qh5+ Kg8 15. Qxe5 Re8 16. Qc3 Bf5 17. Be3 Qh4 18. Rad1 Re4 19. b3 Rae8 20. Bxa7
Ra8 21. Bd4 Rg4 22. f3 Rg6 23. Rd2 Re8 24. Be5 Rge6 25. Bg3 Qg5 26. Qd4 Re2 27.
Rfd1 R2e7 28. Qf4 Qxf4 29. Bxf4 f6 30. Rd8 Kf7 31. Rxe8 Rxe8 32. g4 Bc2 33. Rd2
Bb1 34. Kf2 Re7 35. Be3 Ke6 36. h4 Rd7 37. Rb2 Bd3 38. Bc5 g6 39. Ke3 Bf1 40.
Bd4 Rh7 41. Rb1 Bh3 42. Rh1 Bg2 43. Re1 1-0

[Event "4NCL/Div2/AD2 vs. NWE1"]
[Site "Telford ENG"]
[Date "2003.04.12"]
[Round "7.3"]
[White "Gunter, David WW"]
[Black "Quillan, Gary"]
[Result "0-1"]
[WhiteElo "2133"]
[BlackElo "2305"]
[PlyCount "64"]
[EventDate "2003.04.12"]

1. d4 e6 2. Nf3 Nf6 3. e3 b6 4. Bd3 Bb7 5. Nbd2 c5 6. O-O Nc6 7. c3 Be7 8. a3
d5 9. dxc5 Bxc5 10. e4 Qc7 11. Qe2 Rd8 12. b4 Bd6 13. Bb2 O-O 14. c4 Ne5 15.
Nxe5 Bxe5 16. Bxe5 Qxe5 17. Nf3 Qh5 18. e5 dxc4 19. Bxc4 Bxf3 20. Qxf3 Qxe5 21.
Rfe1 Qd4 22. Ba6 Qd5 23. Qe2 Qg5 24. Bb7 Rd2 25. Qe3 Qxe3 26. Rxe3 Ng4 27. Rf3
Rfd8 28. g3 Rc2 29. Rf4 Ne5 30. b5 Rdd2 31. Be4 Rc4 32. Re1 g5 0-1

[Event "4NCL/Div2/AD2 vs. NWE1"]
[Site "Telford ENG"]
[Date "2003.04.12"]
[Round "7.4"]
[White "Charleshouse, Glenn L"]
[Black "Mangwengwende, John"]
[Result "1-0"]
[WhiteElo "2238"]
[BlackElo "2163"]
[PlyCount "133"]
[EventDate "2003.04.12"]

1. e4 e5 2. Nf3 Nc6 3. Bb5 a6 4. Bxc6 dxc6 5. O-O f6 6. d4 Bg4 7. dxe5 Qxd1 8.
Rxd1 fxe5 9. Rd3 Bd6 10. Nbd2 b5 11. b3 Nf6 12. Bb2 Nd7 13. h3 Bh5 14. Nf1 Nc5
15. Re3 Bxf3 16. Rxf3 Rf8 17. Nd2 Ke7 18. Re1 Rxf3 19. Nxf3 Kf6 20. g3 Ne6 21.
Kg2 c5 22. Nd2 Nd4 23. c3 Nc6 24. Re3 Ke6 25. h4 g6 26. Re1 Be7 27. Kf3 Rd8 28.
Ke2 Bf8 29. Nf3 Bh6 30. Rd1 Rxd1 31. Kxd1 a5 32. Kc2 b4 33. Kd3 Kd6 34. Kc4
bxc3 35. Bxc3 Bc1 36. Kb5 Nd4+ 37. Bxd4 cxd4 38. Ne1 Bd2 39. Nd3 h6 40. Kc4 g5
41. hxg5 hxg5 42. f3 c6 43. Nb2 Be1 44. g4 Bc3 45. Na4 Bb4 46. Kd3 Ba3 47. Nb6
Bb4 48. a3 Bc3 49. Na4 Be1 50. Ke2 Bg3 51. Nb2 Kc5 52. Nd3+ Kb5 53. a4+ Kb6 54.
Kd2 Bh2 55. Kc2 c5 56. Nb2 Bg3 57. Kd3 Bf4 58. Kc4 Kc6 59. Nd3 Kd6 60. Kb5 Bd2
61. Nxc5 Bc3 62. Nd3 Bd2 63. b4 Bxb4 64. Nxb4 axb4 65. Kxb4 Kc6 66. Kc4 Kb6 67.
f4 1-0

[Event "4NCL/Div2/AD2 vs. NWE1"]
[Site "Telford ENG"]
[Date "2003.04.12"]
[Round "7.5"]
[White "Beveridge, Nigel"]
[Black "Kennaugh, Charles W"]
[Result "0-1"]
[WhiteElo "2022"]
[BlackElo "2290"]
[PlyCount "60"]
[EventDate "2003.04.12"]

1. e4 e5 2. d4 exd4 3. Qxd4 Nc6 4. Qe3 Bb4+ 5. Nc3 Nf6 6. Bd2 O-O 7. O-O-O Re8
8. Qg3 Rxe4 9. a3 Bd6 10. f4 Re8 11. Bd3 Bf8 12. Nf3 d5 13. Qh4 Ne7 14. g4 Ng6
15. Bxg6 fxg6 16. Ne5 Nxg4 17. Qg3 Nxe5 18. fxe5 c6 19. Ne2 Bf5 20. h4 Bc5 21.
Bg5 Qc7 22. Bf4 Qb6 23. Rh2 Rf8 24. h5 gxh5 25. Rxh5 Bf2 26. Qf3 Be4 27. Qg4
Be3+ 28. Kb1 Qb3 29. Ka1 Qxc2 30. Qe6+ Kh8 0-1

[Event "4NCL/Div2/AD2 vs. NWE1"]
[Site "Telford ENG"]
[Date "2003.04.12"]
[Round "7.6"]
[White "Lund, D Brett"]
[Black "Westwood, Richard D"]
[Result "1-0"]
[WhiteElo "2255"]
[BlackElo "1720"]
[PlyCount "57"]
[EventDate "2003.04.12"]

1. c4 Nf6 2. g3 c6 3. Bg2 g6 4. b3 Bg7 5. Bb2 d6 6. e4 c5 7. Ne2 Nc6 8. O-O e5
9. Nbc3 O-O 10. d3 Ne8 11. Nd5 Nc7 12. f4 Bg4 13. Qd2 Bxe2 14. Qxe2 Nxd5 15.
cxd5 Nd4 16. Qd2 exf4 17. gxf4 Qh4 18. b4 cxb4 19. Rac1 Qd8 20. Rc4 Qb6 21. Kh1
Rfc8 22. f5 Be5 23. f6 Kh8 24. Qh6 Rg8 25. Bxd4 Bxd4 26. Rf3 Bxf6 27. Rxf6 Rgf8
28. e5 Qa5 29. Rh4 1-0

[Event "4NCL/Div2/AD2 vs. NWE1"]
[Site "Telford ENG"]
[Date "2003.04.12"]
[Round "7.7"]
[White "Pritchard, David"]
[Black "Hague, Ben"]
[Result "0-1"]
[WhiteElo "1768"]
[BlackElo "2233"]
[PlyCount "62"]
[EventDate "2003.04.12"]

1. e4 e6 2. d4 d5 3. e5 c5 4. Qg4 Nc6 5. Nf3 cxd4 6. Bd3 Nge7 7. O-O Ng6 8. Qg3
Be7 9. Re1 O-O 10. a3 Bd7 11. b4 a6 12. c3 dxc3 13. Nxc3 f5 14. b5 Na5 15. Bg5
Rc8 16. Bxe7 Qxe7 17. Ne2 Nb3 18. bxa6 Nxa1 19. axb7 Rb8 20. Rxa1 Rxb7 21. h4
Rb3 22. h5 Nh8 23. Nf4 Nf7 24. Re1 Nh6 25. Nd4 Rxa3 26. Rb1 Rc8 27. f3 Qc5 28.
Qf2 Qa7 29. Qb2 Rb3 30. Qxb3 Qxd4+ 31. Kf1 Qxf4 0-1

[Event "4NCL/Div2/AD2 vs. NWE1"]
[Site "Telford ENG"]
[Date "2003.04.12"]
[Round "7.8"]
[White "Griffiths, Kathy"]
[Black "McIntosh, Doreen"]
[Result "1/2-1/2"]
[WhiteElo "2064"]
[BlackElo "1344"]
[PlyCount "144"]
[EventDate "2003.04.12"]

1. e4 c5 2. Nc3 Nc6 3. g3 g6 4. Bg2 Bg7 5. d3 Nf6 6. Be3 d6 7. h3 O-O 8. Qd2 e6
9. Nge2 a6 10. Nd1 Qc7 11. c3 e5 12. Bh6 Be6 13. h4 d5 14. exd5 Bxd5 15. Bxd5
Nxd5 16. h5 Nf6 17. hxg6 fxg6 18. Bxg7 Qxg7 19. Ne3 Rad8 20. O-O-O Ne4 21. dxe4
Rxd2 22. Rxd2 Rxf2 23. Nd1 Rf7 24. Rd5 Qf8 25. Ne3 Kg7 26. Kd2 b5 27. Ng4 Qc8
28. Ne3 Rd7 29. g4 Ne7 30. Rxd7 Qxd7+ 31. Kc2 Qe6 32. b3 a5 33. Rf1 h6 34. Nc1
Qc6 35. Kd3 Qe6 36. Rg1 Qb6 37. Ne2 Qa6 38. Rf1 a4 39. c4 axb3 40. axb3 b4 41.
Nd5 Qe6 42. Rg1 Nc6 43. Ne3 Qd6+ 44. Nd5 Qd8 45. Ra1 Qc8 46. Rg1 Qa6 47. Nc7
Qa3 48. Ne6+ Kf6 49. Nxc5 Qa7 50. Rf1+ Ke7 51. Na4 Nd4 52. Rh1 Nxb3 53. Nb2
Nc5+ 54. Kc2 Nxe4 55. Rxh6 Kf6 56. Rh3 Qf2 57. Kd3 Nc5+ 58. Kd2 Kg5 59. Nd1 Qf8
60. Re3 Kxg4 61. Rxe5 g5 62. Ne3+ Kh5 63. Rf5 Qe7 64. Nd5 Qd7 65. Rf1 Qa4 66.
Ng3+ Kg4 67. Ne2 Qa2+ 68. Ke3 Qxc4 69. Nf6+ Kh3 70. Rh1+ Kg2 71. Rg1+ Kh3 72.
Rh1+ Kg2 1/2-1/2

[Event "4NCL/Div2/ATH1 vs. PPA1"]
[Site "Telford ENG"]
[Date "2003.04.13"]
[Round "8.1"]
[White "Van de Grient, Jan W"]
[Black "Bator, Robert"]
[Result "1/2-1/2"]
[WhiteElo "2365"]
[BlackElo "2422"]
[PlyCount "42"]
[EventDate "2003.04.13"]

1. d4 d5 2. c4 c6 3. Nf3 Nf6 4. Nc3 a6 5. Qb3 e6 6. Bg5 b5 7. cxd5 cxd5 8. e3
Nbd7 9. Bd3 Be7 10. O-O O-O 11. Rfc1 Bb7 12. a4 b4 13. Na2 a5 14. Bf4 Qb6 15.
Ne5 Nxe5 16. Bxe5 Rfc8 17. Rxc8+ Rxc8 18. Rc1 Rxc1+ 19. Nxc1 Bc6 20. Qc2 g6 21.
b3 Nd7 1/2-1/2

[Event "4NCL/Div2/ATH1 vs. PPA1"]
[Site "Telford ENG"]
[Date "2003.04.13"]
[Round "8.2"]
[White "Swanson, Stephen"]
[Black "Spreeuw, Jaap"]
[Result "0-1"]
[WhiteElo "2291"]
[BlackElo "2313"]
[PlyCount "72"]
[EventDate "2003.04.13"]

1. e4 c5 2. Nf3 Nc6 3. Bb5 Qb6 4. Nc3 e6 5. Bxc6 Qxc6 6. O-O Nf6 7. Re1 a6 8.
b3 b5 9. Bb2 Bb7 10. d3 Be7 11. a4 O-O 12. Ne5 Qc7 13. Ng4 Qf4 14. Ne3 Bc6 15.
g3 Qh6 16. Ncd5 Nxd5 17. exd5 Bb7 18. c4 f5 19. f4 Bf6 20. Qc2 Bd4 21. cxb5
axb5 22. Bxd4 cxd4 23. Qc7 Rab8 24. Ng2 Bxd5 25. Qxd7 Rfd8 26. Qe7 Re8 27. Qd6
bxa4 28. Rxa4 Rxb3 29. Qxd5 exd5 30. Rxe8+ Kf7 31. Re5 Rb1+ 32. Kf2 Rb2+ 33.
Kg1 Qc6 34. Rxf5+ Kg6 35. Nh4+ Kh6 36. Ra1 Qc2 0-1

[Event "4NCL/Div2/ATH1 vs. PPA1"]
[Site "Telford ENG"]
[Date "2003.04.13"]
[Round "8.3"]
[White "Wade, Robert G"]
[Black "Walker, Martin G"]
[Result "1/2-1/2"]
[WhiteElo "2213"]
[BlackElo "2268"]
[PlyCount "72"]
[EventDate "2003.04.13"]

1. d4 Nf6 2. Nc3 d5 3. Bg5 e6 4. e4 dxe4 5. Nxe4 Be7 6. Bxf6 gxf6 7. Nf3 Bd7 8.
d5 e5 9. Bc4 Rg8 10. d6 cxd6 11. Nxd6+ Bxd6 12. Qxd6 Bc6 13. Qxd8+ Kxd8 14. Ke2
Ke7 15. Nh4 Nd7 16. Nf5+ Kf8 17. Rhg1 Rxg2 18. Rxg2 Bxg2 19. Rd1 Nb6 20. Bb3
Be4 21. Nd6 Bg6 22. Nxb7 Bh5+ 23. f3 e4 24. Rd8+ Rxd8 25. Nxd8 Ke7 26. Nc6+ Kd6
27. Nd4 a5 28. a3 a4 29. Ba2 Nd5 30. Bxd5 Kxd5 31. Ke3 exf3 32. Nxf3 Bg6 33.
Nd4 Kc5 34. b4+ Kc4 35. b5 Kc5 36. c3 Bb1 1/2-1/2

[Event "4NCL/Div2/ATH1 vs. PPA1"]
[Site "Telford ENG"]
[Date "2003.04.13"]
[Round "8.4"]
[White "Posazhennikov, Alex"]
[Black "Quinn, John M"]
[Result "1-0"]
[WhiteElo "2262"]
[BlackElo "2196"]
[PlyCount "73"]
[EventDate "2003.04.13"]

1. d4 Nf6 2. Nc3 d5 3. Bg5 Nbd7 4. f3 h6 5. Bh4 c6 6. e4 e6 7. e5 g5 8. Bf2 Ng8
9. h4 gxh4 10. Qd2 Qa5 11. Rxh4 a6 12. g4 c5 13. f4 cxd4 14. Bxd4 Bc5 15. Nf3
Ne7 16. f5 Bxd4 17. Nxd4 Nxe5 18. O-O-O Bd7 19. Qe3 Qc7 20. Re1 f6 21. fxe6 Bc6
22. Rxh6 Rxh6 23. Qxh6 O-O-O 24. Qxf6 Nxg4 25. Qf3 Nh2 26. Qe3 Ng4 27. Qd2 Rg8
28. Bd3 Kb8 29. Nf5 Nxf5 30. Bxf5 Ne5 31. Nxd5 Bxd5 32. Qxd5 Nc4 33. Qe4 Nd6
34. Qe5 Rg2 35. e7 Ne8 36. Qxc7+ Kxc7 37. Be6 1-0

[Event "4NCL/Div2/ATH1 vs. PPA1"]
[Site "Telford ENG"]
[Date "2003.04.13"]
[Round "8.5"]
[White "Gruettner, Ralf"]
[Black "Harley, Andrew"]
[Result "1/2-1/2"]
[WhiteElo "2053"]
[BlackElo "2260"]
[PlyCount "82"]
[EventDate "2003.04.13"]

1. d4 e6 2. e4 d5 3. Nd2 c5 4. exd5 Qxd5 5. Ngf3 cxd4 6. Bc4 Qd6 7. O-O Nf6 8.
Nb3 Nc6 9. Nbxd4 Nxd4 10. Nxd4 a6 11. a4 Qc7 12. b3 Bd6 13. h3 O-O 14. Bb2 Rd8
15. Qe2 Bc5 16. Rad1 Qf4 17. Nf3 Bb6 18. Rxd8+ Bxd8 19. Rd1 Be7 20. Be5 Qe4 21.
Qd2 h6 22. Qa5 Nd7 23. Qc7 Qc6 24. Qxc6 bxc6 25. Bb2 Nb6 26. Be2 a5 27. Ne5 Bb7
28. Bf3 Bf6 29. Nd3 Bxb2 30. Nxb2 Kf8 31. Nd3 Rd8 32. Nc5 Rxd1+ 33. Bxd1 Ba8
34. Bf3 Ke7 35. Kf1 Nd7 36. Nxd7 Kxd7 37. Ke2 Kd6 38. Kd3 Kc5 39. c3 Bb7 40.
Ke3 f6 41. Be2 e5 1/2-1/2

[Event "4NCL/Div2/ATH1 vs. PPA1"]
[Site "Telford ENG"]
[Date "2003.04.13"]
[Round "8.6"]
[White "Moore, Gerald"]
[Black "McKeown, Paul"]
[Result "1-0"]
[WhiteElo "2238"]
[BlackElo "2043"]
[PlyCount "66"]
[EventDate "2003.04.13"]

1. Nf3 d5 2. c4 c6 3. d4 Nf6 4. Nc3 dxc4 5. a4 Bf5 6. e3 e6 7. Bxc4 Bb4 8. O-O
O-O 9. Qe2 Bg6 10. Ne5 Bh5 11. g4 Bg6 12. h4 Bxc3 13. bxc3 Nfd7 14. Nxg6 hxg6
15. g5 Qa5 16. Ba3 Rc8 17. f4 Nb6 18. Bd3 Qxc3 19. Rfc1 Qb3 20. Rcb1 Qd5 21. h5
Nxa4 22. hxg6 fxg6 23. Bxg6 c5 24. Qh5 Nd7 25. Qh7+ Kf8 26. Be4 Qc4 27. Bxb7
Kf7 28. Bxa8 Rxa8 29. dxc5 Naxc5 30. g6+ Kf6 31. Bb2+ Kf5 32. Qh3+ Kxg6 33.
Qg4+ Kh6 1-0

[Event "4NCL/Div2/ATH1 vs. PPA1"]
[Site "Telford ENG"]
[Date "2003.04.13"]
[Round "8.7"]
[White "Roberts, Jason"]
[Black "Byway, Paul"]
[Result "0-1"]
[WhiteElo "2119"]
[BlackElo "2188"]
[PlyCount "116"]
[EventDate "2003.04.13"]

1. d4 Nf6 2. Nf3 e6 3. e3 b6 4. Bd3 Bb7 5. Nbd2 c5 6. c3 cxd4 7. exd4 Be7 8.
Qe2 d6 9. Ne4 Nxe4 10. Bxe4 Bxe4 11. Qxe4 d5 12. Qg4 Bf6 13. Ne5 Bxe5 14. dxe5
g6 15. Bg5 Qc7 16. Bf6 Rg8 17. O-O-O Nd7 18. Rhe1 Nxf6 19. exf6 O-O-O 20. h4 h5
21. Qa4 Kb7 22. Qd4 g5 23. hxg5 Rxg5 24. g3 Rf5 25. Rh1 Rg8 26. Rh4 Qc5 27. Rf4
Qxd4 28. Rdxd4 Rxf4 29. Rxf4 Rg4 30. Rf3 Kc6 31. Kd2 Kd6 32. b3 Ke5 33. Ke3 d4+
34. cxd4+ Rxd4 35. Ke2 Rg4 36. Rc3 Kxf6 37. Rc7 a5 38. a3 Rg5 39. Rc4 Rd5 40.
b4 Rb5 41. Kf3 axb4 42. axb4 Kg5 43. Kg2 f6 44. Kh3 e5 45. f3 Kf5 46. Kh4 Ke6
47. Rc6+ Ke7 48. Rc4 Kd6 49. g4 hxg4 50. Kxg4 Rd5 51. Re4 Ke6 52. Kg3 Rd4 53.
Rg4 Rxg4+ 54. Kxg4 f5+ 55. Kg5 b5 56. Kh4 Kd5 57. Kg5 e4 58. Kf4 Kd4 0-1

[Event "4NCL/Div2/ATH1 vs. PPA1"]
[Site "Telford ENG"]
[Date "2003.04.13"]
[Round "8.8"]
[White "Jiretorn, Eva"]
[Black "Milligan, Helen"]
[Result "1-0"]
[WhiteElo "2106"]
[BlackElo "2111"]
[PlyCount "51"]
[EventDate "2003.04.13"]

1. d4 Nf6 2. c4 e6 3. Nf3 b6 4. g3 Bb7 5. Bg2 d5 6. cxd5 exd5 7. O-O Bd6 8. Nc3
c6 9. Bg5 O-O 10. Ne5 h6 11. Bxf6 Qxf6 12. f4 Qe7 13. Kh1 Nd7 14. e4 Bb4 15.
exd5 Bxc3 16. dxc6 Nxe5 17. cxb7 Rad8 18. bxc3 Nc4 19. Re1 Qc7 20. Qa4 Na5 21.
Re3 Nc4 22. Re2 Na5 23. Qa3 Rd7 24. Rae1 Rdd8 25. Re7 Qc4 26. h3 1-0

[Event "4NCL/Div2/WES1 vs. GUI2"]
[Site "Telford ENG"]
[Date "2003.04.13"]
[Round "8.1"]
[White "Poulton, James"]
[Black "Thompson, Ian D"]
[Result "1-0"]
[WhiteElo "2375"]
[BlackElo "2290"]
[PlyCount "75"]
[EventDate "2003.04.13"]

1. e4 e6 2. d4 d5 3. Nc3 Nf6 4. Bg5 dxe4 5. Nxe4 Be7 6. Nxf6+ gxf6 7. Bh4 c5 8.
dxc5 Qc7 9. Qh5 Nd7 10. O-O-O Qxc5 11. Qh6 Bf8 12. Qd2 Qb4 13. Qxb4 Bxb4 14.
Ne2 a6 15. Nd4 Be7 16. Be2 Nc5 17. Bf3 e5 18. Nc6 Be6 19. Nxe7 Kxe7 20. Rhe1
Rad8 21. Rxd8 Rxd8 22. Rxe5 b6 23. Rh5 Rd4 24. Rxh7 Bf5 25. Rh6 Bg6 26. b3 Ne6
27. Bg3 Ng5 28. Bb7 Rd7 29. Bc6 Rd8 30. Rh4 b5 31. Bb7 a5 32. a4 b4 33. Rc4 Kf8
34. Rc8 Ne6 35. Rxd8+ Nxd8 36. Bd5 Ne6 37. Bxe6 fxe6 38. Bc7 1-0

[Event "4NCL/Div2/WES1 vs. GUI2"]
[Site "Telford ENG"]
[Date "2003.04.13"]
[Round "8.2"]
[White "Jackson, Adrian"]
[Black "Webb, Richard M"]
[Result "1-0"]
[WhiteElo "2232"]
[BlackElo "2372"]
[PlyCount "57"]
[EventDate "2003.04.13"]

1. e4 c5 2. Nf3 d6 3. d4 cxd4 4. Nxd4 Nf6 5. Nc3 g6 6. Be3 Bg7 7. f3 O-O 8. Bc4
Nc6 9. Qd2 Bd7 10. O-O-O Rc8 11. Bb3 Ne5 12. h4 Nc4 13. Bxc4 Rxc4 14. g4 b5 15.
h5 b4 16. Nd5 e6 17. Nxb4 Qb8 18. Nd3 Rfc8 19. c3 e5 20. Ne2 d5 21. hxg6 fxg6
22. g5 Nh5 23. exd5 Bf5 24. Nf2 Ng3 25. Nxg3 Rxc3+ 26. Qxc3 e4 27. Ngxe4 Bxc3
28. bxc3 Qe5 29. Rd3 1-0

[Event "4NCL/Div2/WES1 vs. GUI2"]
[Site "Telford ENG"]
[Date "2003.04.13"]
[Round "8.3"]
[White "Corkett, Anthony R"]
[Black "Richardson, Keith B"]
[Result "1-0"]
[WhiteElo "2322"]
[BlackElo "2141"]
[PlyCount "75"]
[EventDate "2003.04.13"]

1. e4 g6 2. Nc3 Bg7 3. d4 d6 4. Be3 a6 5. a4 Nf6 6. Nf3 O-O 7. Be2 Nc6 8. d5
Nb8 9. O-O e5 10. dxe6 Bxe6 11. Nd4 Bd7 12. Re1 Re8 13. Bf3 Nc6 14. Nxc6 bxc6
15. Rb1 Rb8 16. h3 c5 17. Qd3 Bc8 18. Bg5 h6 19. Bh4 Rb4 20. Nd5 Rd4 21. Bxf6
Bxf6 22. Nxf6+ Qxf6 23. Qe3 Kg7 24. b3 c4 25. Qc3 Be6 26. b4 Bd7 27. b5 axb5
28. axb5 Rb8 29. Qa5 Rb6 30. Qa7 Rxb5 31. Qxc7 Rxb1 32. Rxb1 Bxh3 33. Re1 Rd2
34. Qxc4 Bxg2 35. Kxg2 Qg5+ 36. Kf1 Qf4 37. Qc3+ Kg8 38. Ra1 1-0

[Event "4NCL/Div2/WES1 vs. GUI2"]
[Site "Telford ENG"]
[Date "2003.04.13"]
[Round "8.4"]
[White "Norman, Kenneth I"]
[Black "Simons, Martin J"]
[Result "1/2-1/2"]
[WhiteElo "2141"]
[BlackElo "2262"]
[PlyCount "75"]
[EventDate "2003.04.13"]

1. Nf3 d6 2. d4 Bg4 3. c4 Nd7 4. Nc3 e5 5. g3 Ngf6 6. Bg2 c6 7. d5 cxd5 8. cxd5
Qa5 9. O-O b5 10. a3 b4 11. Na2 bxa3 12. Nc3 Nc5 13. Rxa3 Qb4 14. Be3 Nfd7 15.
Qa1 Be7 16. Bxc5 Nxc5 17. Nxe5 Bf6 18. Nxg4 Qxg4 19. Rxa7 Rb8 20. Ne4 Nxe4 21.
Qa4+ Kf8 22. Bxe4 g6 23. Rc1 Kg7 24. Rcc7 Rhf8 25. Bd3 Qxa4 26. Rxa4 Rxb2 27.
Ra6 Rd8 28. Rcc6 Be7 29. Ra7 Bf6 30. Rcc7 Rf8 31. e3 Rb6 32. Ba6 Be5 33. Kg2 g5
34. f4 gxf4 35. exf4 Rb2+ 36. Kh3 Bd4 37. Rab7 Rd2 38. Bf1 1/2-1/2

[Event "4NCL/Div2/WES1 vs. GUI2"]
[Site "Telford ENG"]
[Date "2003.04.13"]
[Round "8.5"]
[White "Yeo, Michael J"]
[Black "Anderton, Matthew N"]
[Result "1-0"]
[WhiteElo "2251"]
[BlackElo "2202"]
[PlyCount "80"]
[EventDate "2003.04.13"]

1. e4 e6 2. d4 d5 3. Nc3 Bb4 4. a3 Bxc3+ 5. bxc3 dxe4 6. Qg4 Nf6 7. Qxg7 Rg8 8.
Qh6 Nbd7 9. Nh3 b6 10. Ng5 Rg6 11. Qh4 Bb7 12. Nxh7 Nxh7 13. Qxh7 Qf6 14. Be3
O-O-O 15. Qh5 a6 16. O-O-O b5 17. c4 Nb6 18. Qe5 Qe7 19. Qc5 Qe8 20. cxb5 Rd5
21. Qb4 axb5 22. g3 Bc6 23. h4 Qh8 24. h5 Rg8 25. h6 Kb7 26. c4 bxc4 27. Bxc4
Rdd8 28. Rd2 Ra8 29. Ba2 Ra4 30. Qe7 Bd5 31. Bxd5+ exd5 32. Rc2 Nc4 33. Qxf7
Rd8 34. Rc3 Rd6 35. h7 Rc6 36. Qxd5 Ra5 37. Qg8 Qf6 38. Rxc4 Rxc4+ 39. Qxc4 Ra8
40. Qb5+ Kc8 1-0

[Event "4NCL/Div2/WES1 vs. GUI2"]
[Site "Telford ENG"]
[Date "2003.04.13"]
[Round "8.6"]
[White "Coates, Kenneth G"]
[Black "Upton, Ian J"]
[Result "1/2-1/2"]
[WhiteElo "2169"]
[BlackElo "2224"]
[PlyCount "108"]
[EventDate "2003.04.13"]

1. e4 e6 2. d4 d5 3. exd5 exd5 4. Bd3 c5 5. Qe2+ Be7 6. dxc5 Nf6 7. Bg5 O-O 8.
Nc3 Be6 9. Nf3 Nc6 10. O-O h6 11. Bxf6 Bxf6 12. h3 Re8 13. Rfe1 Qa5 14. Nxd5
Bxb2 15. Rab1 Bd7 16. Qd2 Rxe1+ 17. Qxe1 Qxc5 18. Qe4 f5 19. Qc4 Qxc4 20. Bxc4
Na5 21. Nc7+ Nxc4 22. Nxa8 Ba4 23. Nd2 Bxc2 24. Nxc4 Bxb1 25. Nxb2 Bxa2 26. Nc7
a6 27. Ne8 Bd5 28. Nd6 g6 29. f3 Kf8 30. Kf2 b5 31. Ke3 Ke7 32. Nc8+ Ke6 33.
Kd4 Bb7 34. Na7 Kd6 35. Nd3 g5 36. Ne5 g4 37. hxg4 fxg4 38. Nxg4 h5 39. Nf6 h4
40. Ne4+ Kc7 41. Nc5 h3 42. gxh3 Bxf3 43. Nxa6+ Kb6 44. Nxb5 Kxb5 45. Nb8 Kb6
46. Nd7+ Kc7 47. Ne5 Bd1 48. Ke4 Kd6 49. Kf5 Ke7 50. Ng4 Kf7 51. Ne3 Be2 52.
Nd5 Kg7 53. Nc3 Bf3 54. Kf4 Bh5 1/2-1/2

[Event "4NCL/Div2/WES1 vs. GUI2"]
[Site "Telford ENG"]
[Date "2003.04.13"]
[Round "8.7"]
[White "Wheeler, John F"]
[Black "Briscoe, Christopher"]
[Result "1/2-1/2"]
[WhiteElo "2201"]
[BlackElo "2187"]
[PlyCount "50"]
[EventDate "2003.04.13"]

1. d4 Nf6 2. c4 Nc6 3. d5 Ne5 4. Qd4 Ng6 5. Nf3 e6 6. g3 b6 7. Bg2 Bc5 8. Qd1
Bb7 9. Nc3 O-O 10. O-O exd5 11. cxd5 c6 12. e4 Ba6 13. Re1 Ng4 14. Be3 Bxe3 15.
fxe3 N4e5 16. Nd4 Qg5 17. Qa4 Bc8 18. Nf5 Ne7 19. h4 Qf6 20. Rf1 Nxf5 21. exf5
Bb7 22. Rad1 Rfe8 23. dxc6 Bxc6 24. Qf4 Bxg2 25. Kxg2 Qc6+ 1/2-1/2

[Event "4NCL/Div2/WES1 vs. GUI2"]
[Site "Telford ENG"]
[Date "2003.04.13"]
[Round "8.8"]
[White "Muller, Anne"]
[Black "Khoo, Teresa"]
[Result "1/2-1/2"]
[WhiteElo "2173"]
[BlackElo "2076"]
[PlyCount "106"]
[EventDate "2003.04.13"]

1. e4 c5 2. Nf3 Nc6 3. d4 cxd4 4. Nxd4 Nf6 5. Nc3 e5 6. Ndb5 d6 7. Bg5 a6 8.
Na3 b5 9. Nd5 Be7 10. Bxf6 Bxf6 11. c3 O-O 12. Nc2 Rb8 13. Be2 Bg5 14. O-O Be6
15. Ncb4 Nxb4 16. Nxb4 Qb6 17. Qd3 Rfd8 18. Nd5 Qb7 19. Rfd1 a5 20. a3 Kh8 21.
g3 Bh6 22. b4 a4 23. Ra2 Rdc8 24. Rc2 Qd7 25. Qf3 Rf8 26. Qd3 f5 27. Bf3 Qf7
28. exf5 Bxf5 29. Be4 Bxe4 30. Qxe4 Rbc8 31. Re2 Rc4 32. Qd3 e4 33. Qc2 Qf3 34.
Rde1 Re8 35. Ne3 Rcc8 36. Rd2 Rc6 37. Rd4 Rec8 38. Nd5 e3 39. fxe3 Re8 40. Qf2
Qh5 41. Rf1 Rcc8 42. e4 Qe5 43. Ne3 Bxe3 44. Qxe3 d5 45. Re1 dxe4 46. Rxe4 Qxe4
47. Qxe4 Rxe4 48. Rxe4 Kg8 49. Re3 Rd8 50. Kf2 Rd2+ 51. Re2 Rd3 52. Re3 Rd2+
53. Re2 Rd3 1/2-1/2

[Event "4NCL/Div2/WRO1 vs. 3CS1"]
[Site "Telford ENG"]
[Date "2003.04.13"]
[Round "8.1"]
[White "McFarland, Robert S"]
[Black "Davies, Nigel R"]
[Result "0-1"]
[WhiteElo "2292"]
[BlackElo "2483"]
[PlyCount "94"]
[EventDate "2003.04.13"]

1. Nf3 g6 2. g3 Bg7 3. Bg2 e5 4. d3 d6 5. c4 f5 6. Nc3 Nf6 7. O-O O-O 8. Bd2 h6
9. Ne1 Qe7 10. Nc2 c6 11. Qc1 Kh7 12. e4 Na6 13. b4 f4 14. gxf4 exf4 15. Bxf4
Nh5 16. Bd2 Qh4 17. f4 Bh3 18. Rb1 Bxc3 19. Bxc3 Bxg2 20. Kxg2 Nxf4+ 21. Kh1
Nxd3 22. Qe3 Nf2+ 23. Kg1 Qg4+ 24. Qg3 Qxg3+ 25. hxg3 Nxe4 26. Be1 Nc7 27. Nd4
d5 28. c5 Rxf1+ 29. Kxf1 Rf8+ 30. Ke2 Re8 31. Kd3 Ne6 32. Nxe6 Rxe6 33. Kd4 Ng5
34. Kd3 Nf3 35. Bc3 Ne5+ 36. Bxe5 Rxe5 37. b5 h5 38. bxc6 bxc6 39. Rb7+ Kh6 40.
Rxa7 Rg5 41. Ra6 Rxg3+ 42. Ke2 h4 43. Kf2 Kh5 44. Rxc6 Ra3 45. Rd6 Rxa2+ 46.
Kg1 Rc2 47. Rxd5+ g5 0-1

[Event "4NCL/Div2/WRO1 vs. 3CS1"]
[Site "Telford ENG"]
[Date "2003.04.13"]
[Round "8.2"]
[White "Arkell, Keith C"]
[Black "Pesic, Ninoslav"]
[Result "1-0"]
[WhiteElo "2533"]
[BlackElo "2345"]
[PlyCount "97"]
[EventDate "2003.04.13"]

1. d4 Nf6 2. Nf3 g6 3. c4 Bg7 4. g3 O-O 5. Bg2 d5 6. cxd5 Nxd5 7. O-O Nb6 8.
Nc3 Nc6 9. e3 e5 10. d5 Na5 11. e4 c6 12. dxc6 Nxc6 13. Bg5 Bf6 14. Qxd8 Bxd8
15. Bh6 Re8 16. Rfd1 f6 17. Nb5 Bg4 18. h3 Be6 19. b3 a5 20. Nd6 Re7 21. Rac1
Nb4 22. Rd2 Rd7 23. a3 Be7 24. axb4 Rxd6 25. Rxd6 Bxd6 26. Be3 Nc8 27. bxa5
Rxa5 28. Bf1 Kf7 29. Nd2 Ra8 30. Bc4 Ne7 31. Bxe6+ Kxe6 32. Nc4 Nc6 33. Rd1 Be7
34. Rd5 Rd8 35. Rb5 Rd7 36. Kf1 h5 37. Ke2 Bd8 38. f4 exf4 39. gxf4 Kf7 40.
Rxb7 Rxb7 41. Nd6+ Ke6 42. Nxb7 Bc7 43. Nc5+ Kd6 44. Kd3 Nd8 45. b4 Nf7 46. Kc4
g5 47. e5+ Ke7 48. exf6+ Kxf6 49. fxg5+ 1-0

[Event "4NCL/Div2/WRO1 vs. 3CS1"]
[Site "Telford ENG"]
[Date "2003.04.13"]
[Round "8.3"]
[White "Gayson, Peter M"]
[Black "James, Dale R"]
[Result "1/2-1/2"]
[WhiteElo "2247"]
[BlackElo "2214"]
[PlyCount "129"]
[EventDate "2003.04.13"]

1. e4 c5 2. Nf3 Nc6 3. d4 cxd4 4. Nxd4 g6 5. Nc3 Bg7 6. Be3 Nf6 7. Bc4 Ne5 8.
Be2 h5 9. h3 d6 10. f4 Nc6 11. Nxc6 bxc6 12. e5 Nd5 13. Nxd5 cxd5 14. Qxd5 Be6
15. Bb5+ Kf8 16. Qd2 dxe5 17. Rd1 Qxd2+ 18. Rxd2 exf4 19. Bd4 Bxd4 20. Rxd4 Rb8
21. a4 g5 22. b3 Kg7 23. h4 Rbd8 24. Rxd8 Rxd8 25. hxg5 Kg6 26. Be2 Bg4 27.
Bxg4 hxg4 28. Ke2 e5 29. Rd1 Rc8 30. c4 Rb8 31. Rd5 Rxb3 32. Rxe5 Rb2+ 33. Kf1
Rb4 34. Ra5 Rxc4 35. Rxa7 Kxg5 36. Rxf7 Rxa4 37. Rb7 Ra2 38. Rh7 g3 39. Rg7+
Kf6 40. Rb7 Rf2+ 41. Kg1 Kf5 42. Rf7+ Ke4 43. Re7+ Kd3 44. Rd7+ Ke2 45. Re7+
Kd1 46. Re4 Kd2 47. Ra4 Ke3 48. Ra3+ Ke4 49. Ra4+ Kf5 50. Ra8 Rb2 51. Rf8+ Ke4
52. Kf1 Rf2+ 53. Kg1 Rd2 54. Re8+ Kd3 55. Rd8+ Kc3 56. Rc8+ Kb4 57. Rb8+ Kc5
58. Rc8+ Kb6 59. Kf1 Rf2+ 60. Kg1 Re2 61. Kf1 Re4 62. Rc1 Kb5 63. Rc8 Kb4 64.
Rc7 Kb3 65. Rc8 1/2-1/2

[Event "4NCL/Div2/WRO1 vs. 3CS1"]
[Site "Telford ENG"]
[Date "2003.04.13"]
[Round "8.4"]
[White "Clarke, Stuart W"]
[Black "Toothill, John"]
[Result "1-0"]
[WhiteElo "2287"]
[BlackElo "2172"]
[PlyCount "33"]
[EventDate "2003.04.13"]

1. e4 e5 2. Nf3 Nc6 3. Nc3 Nf6 4. d4 exd4 5. Nxd4 Bb4 6. Nxc6 bxc6 7. Bd3 O-O
8. O-O Re8 9. Bg5 d5 10. exd5 cxd5 11. Bxf6 gxf6 12. Nxd5 Bf8 13. Qf3 Re6 14.
Qf5 Bg7 15. Nf4 Re5 16. Qxh7+ Kf8 17. Nh5 1-0